[Event "GBR-ch86"]
[Site "Scarborough"]
[Date "1999.08.02"]
[Round "1.43"]
[White "Walker, David"]
[Black "Bushill, Michael"]
[Result "1/2-1/2"]
[WhiteElo "2280"]
[BlackElo "2072"]
[PlyCount "100"]
[EventDate "1999.08.02"]
[EventType "swiss"]
[EventRounds "11"]
[EventCountry "GBR"]

1. d4 Nf6 2. c4 e6 3. Nf3 b6 4. g3 Bb7 5. Bg2 Be7 6. Nc3 Ne4 7. Bd2 O-O 8. d5
f5 9. O-O Bf6 10. Rc1 Na6 11. Ne1 Nac5 12. Nxe4 Nxe4 13. Bb4 Re8 14. f3 Ng5 15.
Rc2 a5 16. Ba3 d6 17. e4 fxe4 18. f4 Nf3+ 19. Nxf3 exf3 20. Bxf3 e5 21. Be4 Qe7
22. Qd3 g6 23. f5 g5 24. b3 Kh8 25. Bc1 Rg8 26. a3 Bc8 27. Be3 Bd7 28. g4 Ra7
29. Kh1 h6 30. Rg2 Raa8 31. Rfg1 Kg7 32. h4 Kf7 33. Qe2 Rh8 34. Qd2 Ra7 35. Rh2
Raa8 36. b4 axb4 37. axb4 Kg7 38. Qc3 Ra4 39. hxg5 hxg5 40. Rxh8 Kxh8 41. Kg2
Kg7 42. Rh1 Ra8 43. Bxg5 Bxg5 44. Rh7+ Kf6 45. Rxe7 Kxe7 46. Qh3 Ra2+ 47. Kf1
Ra1+ 48. Ke2 Ra2+ 49. Kd1 Ba4+ 50. Ke1 Ra1+ 1/2-1/2

[Event "GBR-ch86"]
[Site "Scarborough"]
[Date "1999.08.02"]
[Round "1.44"]
[White "Shaw, Robert"]
[Black "Smith, Andrew Philip"]
[Result "1-0"]
[WhiteElo "2184"]
[BlackElo "2275"]
[PlyCount "79"]
[EventDate "1999.08.02"]
[EventType "swiss"]
[EventRounds "11"]
[EventCountry "GBR"]

1. e4 c5 2. Nf3 e6 3. c3 d5 4. e5 Nc6 5. d4 Bd7 6. Be2 f6 7. O-O fxe5 8. dxe5
Qc7 9. Re1 O-O-O 10. Bf4 h6 11. Nbd2 g5 12. Bg3 Nge7 13. Bd3 Bg7 14. c4 d4 15.
Ne4 Nf5 16. Nxc5 Nxg3 17. hxg3 g4 18. Nh4 Nxe5 19. Nxd7 Rxd7 20. Ng6 Rg8 21.
Nxe5 Bxe5 22. Re4 h5 23. Qe2 Bd6 24. Rxe6 Rdd8 25. Re4 Kb8 26. Rxd4 Qb6 27. Rd5
Rge8 28. Qc2 Bc5 29. Rxd8+ Rxd8 30. Be4 h4 31. gxh4 g3 32. Kf1 Bxf2 33. Rd1 Bd4
34. Bf3 Rh8 35. h5 a6 36. b3 Bg1 37. Rd7 Kc8 38. Rxb7 Qe3 39. Qf5+ Kd8 40. Qd7#
1-0

[Event "GBR-ch86"]
[Site "Scarborough"]
[Date "1999.08.03"]
[Round "2.1"]
[White "Hunt, Harriet"]
[Black "Hodgson, Julian M"]
[Result "1/2-1/2"]
[WhiteElo "2420"]
[BlackElo "2605"]
[PlyCount "98"]
[EventDate "1999.08.02"]
[EventType "swiss"]
[EventRounds "11"]
[EventCountry "GBR"]

1. e4 c5 2. Nf3 d6 3. d4 cxd4 4. Nxd4 Nf6 5. Nc3 g6 6. Bc4 Bg7 7. O-O O-O 8.
Re1 Nc6 9. h3 Bd7 10. Bg5 Nxd4 11. Qxd4 h6 12. Bd2 Ng4 13. Qd3 Ne5 14. Qe2 Bxh3
15. gxh3 Qc8 16. Nd5 Qxh3 17. f4 Qg3+ 18. Kf1 Ng4 19. Qg2 Nh2+ 20. Kg1 Nf3+ 21.
Kf1 Nh2+ 22. Kg1 Nf3+ 23. Kf1 Qxg2+ 24. Kxg2 Nxd2 25. Nxe7+ Kh7 26. Bd3 Rfe8
27. Nd5 Rac8 28. c3 Nc4 29. Re2 Rc5 30. Kf3 h5 31. Rd1 b5 32. a4 bxa4 33. Ra1
Rb8 34. Bxc4 Rxc4 35. Ne3 Rc5 36. Rxa4 Rb7 37. Rd2 Rcb5 38. Nc4 Bf8 39. Ra6 Kg7
40. Ke3 Be7 41. Rc6 Rc5 42. Nxd6 Bxd6 43. Rcxd6 Rcb5 44. b4 a5 45. bxa5 Rxa5
46. Kd4 Rc7 47. Rc2 h4 48. c4 h3 49. c5 h2 1/2-1/2

[Event "GBR-ch86"]
[Site "Scarborough"]
[Date "1999.08.03"]
[Round "2.2"]
[White "Baburin, Alexander"]
[Black "Dunnington, Angus J"]
[Result "1/2-1/2"]
[WhiteElo "2593"]
[BlackElo "2366"]
[PlyCount "98"]
[EventDate "1999.08.02"]
[EventType "swiss"]
[EventRounds "11"]
[EventCountry "GBR"]

1. d4 Nf6 2. c4 c5 3. d5 b5 4. cxb5 a6 5. bxa6 g6 6. Nc3 Bxa6 7. g3 d6 8. Bg2
Nbd7 9. Nf3 Bg7 10. O-O Nb6 11. Re1 O-O 12. Bf4 Nc4 13. Qc2 Nd7 14. Nd2 Nde5
15. Ndb1 Bc8 16. b3 Na5 17. Nd2 Bf5 18. e4 Bg4 19. h3 Bc8 20. Kh2 Ba6 21. Bxe5
Bxe5 22. Nf3 Bg7 23. e5 Rb8 24. Rab1 Bc8 25. e6 fxe6 26. dxe6 Nc6 27. Nd5 Nb4
28. Nxb4 Rxb4 29. a3 Rb8 30. Ng5 Qa5 31. f4 Qxa3 32. h4 Qb4 33. h5 Qc3 34. Qe2
Rxb3 35. Rxb3 Qxb3 36. hxg6 hxg6 37. Qe4 Qb4 38. Qxg6 Rf6 39. Qe8+ Bf8 40. Rd1
Bb7 41. Bxb7 Qxb7 42. Kh3 Qb2 43. Rf1 c4 44. Kg4 c3 45. Qh5 Qe2+ 46. Rf3 Bh6
47. Qe8+ Bf8 48. Qh5 Bh6 49. Qe8+ Bf8 1/2-1/2

[Event "GBR-ch86"]
[Site "Scarborough"]
[Date "1999.08.03"]
[Round "2.4"]
[White "Conquest, Stuart"]
[Black "Cobb, James E"]
[Result "1-0"]
[WhiteElo "2555"]
[BlackElo "2349"]
[PlyCount "91"]
[EventDate "1999.08.02"]
[EventType "swiss"]
[EventRounds "11"]
[EventCountry "GBR"]

1. e4 e6 2. d3 d5 3. Nd2 Nf6 4. Ngf3 b6 5. c3 Nc6 6. e5 Nd7 7. d4 a5 8. Qa4
Ncb8 9. b4 Bb7 10. b5 Be7 11. Qc2 a4 12. Bd3 h6 13. Nf1 c6 14. Ng3 cxb5 15. Nh5
Kf8 16. Bxb5 a3 17. h4 Ba6 18. Bxa6 Nxa6 19. Rh3 Qc7 20. Rb1 b5 21. Rxb5 Nb4
22. Qd2 Nc6 23. Rg3 g6 24. Nf4 Ke8 25. Rb1 Nb6 26. Qd3 Kd7 27. Nd2 Bxh4 28. Rf3
Be7 29. Ne2 Ke8 30. Kf1 Na5 31. Qb5+ Nd7 32. Qa4 Kf8 33. Bxa3 Bxa3 34. Qxa3+
Kg7 35. Qe7 Rhf8 36. Nf4 Qc6 37. Kg1 Rae8 38. Qb4 Nc4 39. Nb3 Rb8 40. Qe7 Rbe8
41. Qh4 Qa4 42. Nc5 Nxc5 43. Rh3 Rh8 44. Qf6+ Kg8 45. Nxg6 Rh7 46. Rg3 1-0

[Event "GBR-ch86"]
[Site "Scarborough"]
[Date "1999.08.03"]
[Round "2.5"]
[White "Lalic, Bogdan"]
[Black "Aikhoje, Odion"]
[Result "1-0"]
[WhiteElo "2550"]
[BlackElo "2341"]
[PlyCount "131"]
[EventDate "1999.08.02"]
[EventType "swiss"]
[EventRounds "11"]
[EventCountry "GBR"]

1. d4 Nf6 2. c4 c5 3. d5 b5 4. cxb5 a6 5. bxa6 Bxa6 6. Nc3 d6 7. e4 Bxf1 8.
Kxf1 g6 9. Nf3 Nbd7 10. g3 Bg7 11. Kg2 O-O 12. Re1 Ng4 13. Qe2 Qa5 14. Bg5 Rfe8
15. Nd2 Ngf6 16. Nc4 Qb4 17. Rac1 h6 18. Bd2 Qb7 19. b3 Ra6 20. Qf3 Nh7 21. Na4
Qa8 22. Bf4 g5 23. Bd2 Nhf6 24. Bc3 g4 25. Qd3 e6 26. Ne3 h5 27. h3 Bh6 28.
Rcd1 Kf8 29. Kh2 Bxe3 30. Qxe3 e5 31. h4 c4 32. Bb4 Rb8 33. a3 cxb3 34. Nb2 Ke7
35. Nc4 Rxb4 36. axb4 Ra2 37. Rd2 Qa4 38. Qc3 Nb8 39. Nb6 Qa6 40. Nc4 Qa4 41.
Rxa2 Qxa2 42. Kg2 Nbd7 43. Qd2 b2 44. Nxb2 Qb3 45. Kg1 Nb6 46. Re3 Qa2 47. Qc1
Nfd7 48. Re1 Qb3 49. Qd2 Nf6 50. Nd1 Nc4 51. Qc3 Qa2 52. Kg2 Nd7 53. Ne3 Nxe3+
54. Rxe3 f5 55. Qb3 Qxb3 56. Rxb3 fxe4 57. b5 Nb6 58. Re3 Nxd5 59. Rxe4 Kd7 60.
Ra4 Kc7 61. Ra7+ Kb6 62. Rh7 Kxb5 63. Rxh5 Nf6 64. Rh6 Ne4 65. h5 Kc4 66. Rg6
1-0

[Event "GBR-ch86"]
[Site "Scarborough"]
[Date "1999.08.03"]
[Round "2.6"]
[White "Al-Rakib, Abdullah"]
[Black "Hebden, Mark"]
[Result "1/2-1/2"]
[WhiteElo "2367"]
[BlackElo "2510"]
[PlyCount "47"]
[EventDate "1999.08.02"]
[EventType "swiss"]
[EventRounds "11"]
[EventCountry "GBR"]

1. d4 Nf6 2. Nf3 g6 3. Nc3 d5 4. Bf4 Bg7 5. e3 O-O 6. Be2 c5 7. dxc5 Nbd7 8.
O-O Nxc5 9. Be5 Bg4 10. h3 Bxf3 11. Bxf3 e6 12. Nb5 Ne8 13. Bxg7 Nxg7 14. c4
dxc4 15. Nd6 Qc7 16. Nxc4 Rfd8 17. Qc2 Nf5 18. Rfd1 Nh4 19. Be2 Qc6 20. Bf1 Ne4
21. Na3 Qxc2 22. Nxc2 Rac8 23. Ne1 Nc5 24. Rxd8+ 1/2-1/2

[Event "GBR-ch86"]
[Site "Scarborough"]
[Date "1999.08.03"]
[Round "2.7"]
[White "Thipsay, Praveen"]
[Black "Kidambi, Sundara"]
[Result "1/2-1/2"]
[WhiteElo "2492"]
[BlackElo "2334"]
[PlyCount "85"]
[EventDate "1999.08.02"]
[EventType "swiss"]
[EventRounds "11"]
[EventCountry "GBR"]

1. e4 c6 2. d4 d5 3. Nd2 dxe4 4. Nxe4 Nd7 5. Nf3 Ngf6 6. Ng3 e6 7. Bd3 c5 8. c3
cxd4 9. Nxd4 Bc5 10. Bc2 O-O 11. O-O b6 12. Nb3 Bb7 13. Nxc5 Nxc5 14. Bg5 h6
15. Qxd8 Rfxd8 16. Bxf6 gxf6 17. Rfd1 f5 18. f3 Ba6 19. Rxd8+ Rxd8 20. Rd1
Rxd1+ 21. Bxd1 Bd3 22. b4 Nd7 23. Be2 Bb1 24. a3 Ne5 25. Nf1 Bd3 26. Bxd3 Nxd3
27. Nd2 Kf8 28. Kf1 Ke7 29. Ke2 Nf4+ 30. Kf2 e5 31. g3 Nd3+ 32. Ke2 Nb2 33. c4
Kd6 34. g4 Ke6 35. h3 fxg4 36. fxg4 f5 37. gxf5+ Kxf5 38. c5 bxc5 39. bxc5 Ke6
40. c6 Kd6 41. Nf3 Nc4 42. Kd3 Nxa3 43. Nxe5 1/2-1/2

[Event "GBR-ch86"]
[Site "Scarborough"]
[Date "1999.08.03"]
[Round "2.8"]
[White "Knott, Simon"]
[Black "Rowson, Jonathan"]
[Result "1/2-1/2"]
[WhiteElo "2348"]
[BlackElo "2490"]
[PlyCount "38"]
[EventDate "1999.08.02"]
[EventType "swiss"]
[EventRounds "11"]
[EventCountry "GBR"]

1. c4 g6 2. Nc3 Bg7 3. d4 c5 4. d5 f5 5. Qc2 d6 6. h4 Nf6 7. Nh3 Nbd7 8. Nf4
Ne5 9. h5 O-O 10. hxg6 hxg6 11. e3 a6 12. a4 Qe8 13. Be2 Qf7 14. b3 g5 15. Nh5
Nxh5 16. Bxh5 Qf6 17. f4 gxf4 18. exf4 Ng6 19. g3 e5 1/2-1/2

[Event "GBR-ch86"]
[Site "Scarborough"]
[Date "1999.08.03"]
[Round "2.9"]
[White "Turner, Matthew"]
[Black "Hunt, Adam"]
[Result "1-0"]
[WhiteElo "2478"]
[BlackElo "2288"]
[PlyCount "65"]
[EventDate "1999.08.02"]
[EventType "swiss"]
[EventRounds "11"]
[EventCountry "GBR"]

1. e4 c5 2. Nc3 Nc6 3. f4 g6 4. Nf3 Bg7 5. Bb5 Nd4 6. Bd3 d6 7. Nxd4 cxd4 8.
Ne2 Nf6 9. c3 dxc3 10. bxc3 O-O 11. O-O Bd7 12. Bc2 Bc6 13. d3 Qb6+ 14. Kh1 Ng4
15. d4 Bb5 16. Rf3 Qa6 17. Ng3 Nf6 18. f5 Nh5 19. Nxh5 Be2 20. Qg1 Bxf3 21.
gxf3 Qe2 22. Bd1 Qd3 23. Nxg7 Qxc3 24. Rb1 Kxg7 25. Be3 b5 26. Bb3 a5 27. Qg5
a4 28. Bd5 Rac8 29. e5 dxe5 30. fxg6 hxg6 31. Qh6+ Kf6 32. Bg5+ Kf5 33. Bd2 1-0

[Event "GBR-ch86"]
[Site "Scarborough"]
[Date "1999.08.03"]
[Round "2.10"]
[White "Thipsay, Bhagyashree"]
[Black "Wells, Peter K"]
[Result "0-1"]
[WhiteElo "2335"]
[BlackElo "2476"]
[PlyCount "80"]
[EventDate "1999.08.02"]
[EventType "swiss"]
[EventRounds "11"]
[EventCountry "GBR"]

1. e4 c5 2. Nf3 Nc6 3. d4 cxd4 4. Nxd4 Nf6 5. Nc3 d6 6. Be2 g6 7. Be3 Bg7 8.
Nb3 O-O 9. O-O Be6 10. f4 Qc8 11. Kh1 Bg4 12. Qd2 Bxe2 13. Qxe2 Ng4 14. Bg1
Bxc3 15. bxc3 f5 16. Rae1 fxe4 17. Qxe4 Qf5 18. Qc4+ Rf7 19. Qe2 Raf8 20. Rf3
b6 21. Nd4 Nxd4 22. cxd4 d5 23. c4 Nf6 24. c5 Ne4 25. Qa6 Qd7 26. cxb6 axb6 27.
Qxb6 g5 28. Be3 gxf4 29. Bc1 Qg4 30. Qb3 Rg7 31. Re2 e6 32. Qd1 Ng5 33. Rff2 f3
34. gxf3 Rxf3 35. Rg2 Qf5 36. Re1 Nh3 37. Qe2 Nf2+ 38. Rxf2 Rxf2 39. Qd1 Rxh2+
40. Kxh2 Qf2+ 0-1

[Event "GBR-ch86"]
[Site "Scarborough"]
[Date "1999.08.03"]
[Round "2.12"]
[White "Pert, Richard G"]
[Black "Ward, Christopher G"]
[Result "0-1"]
[WhiteElo "2308"]
[BlackElo "2473"]
[PlyCount "108"]
[EventDate "1999.08.02"]
[EventType "swiss"]
[EventRounds "11"]
[EventCountry "GBR"]

1. e4 c5 2. Nf3 d6 3. d4 cxd4 4. Nxd4 Nf6 5. Nc3 g6 6. Bc4 Bg7 7. O-O O-O 8.
Re1 Nc6 9. Nb3 Bg4 10. f3 Be6 11. Bxe6 fxe6 12. Bg5 Nh5 13. Qe2 Bxc3 14. bxc3
Nf4 15. Qd2 e5 16. c4 Rf7 17. c5 dxc5 18. Qxd8+ Rxd8 19. Nxc5 b6 20. Nb3 Kg7
21. c4 Rff8 22. Bxf4 exf4 23. Red1 Kf6 24. a4 Rxd1+ 25. Rxd1 Rd8 26. Rd5 e6 27.
Rb5 Rd1+ 28. Kf2 Rb1 29. c5 Rb2+ 30. Kf1 Rb1+ 31. Kf2 Ne5 32. cxb6 axb6 33. Nd4
Rxb5 34. Nxb5 Nd3+ 35. Ke2 Nc5 36. Nc3 Ke5 37. Kd2 g5 38. g3 fxg3 39. hxg3 Kd4
40. Nb5+ Kc4 41. Nd6+ Kb4 42. f4 gxf4 43. gxf4 Kxa4 44. f5 b5 45. f6 Nd7 46. f7
b4 47. Nc4 Kb3 48. Ne5 Nf8 49. Kd3 Ka2 50. Nc6 b3 51. Kc3 h5 52. Nb4+ Ka3 53.
Nd3 h4 54. Kd4 h3 0-1

[Event "GBR-ch86"]
[Site "Scarborough"]
[Date "1999.08.03"]
[Round "2.13"]
[White "Dearing, Eddie"]
[Black "Kunte, Abhijit"]
[Result "0-1"]
[WhiteElo "2295"]
[BlackElo "2465"]
[PlyCount "84"]
[EventDate "1999.08.02"]
[EventType "swiss"]
[EventRounds "11"]
[EventCountry "GBR"]

1. d4 Nf6 2. c4 e6 3. Nc3 Bb4 4. Qc2 O-O 5. a3 Bxc3+ 6. Qxc3 b6 7. Bg5 Ba6 8.
e3 d6 9. Nf3 Nbd7 10. Nd2 Rc8 11. Bd3 c5 12. O-O Qc7 13. b4 Bb7 14. Rac1 Rfe8
15. f3 h6 16. Bh4 cxd4 17. exd4 Nd5 18. Qb3 Nf4 19. Bg3 Nxd3 20. Qxd3 e5 21.
dxe5 Nxe5 22. Qd4 Re6 23. Rfe1 Qe7 24. Rc3 Re8 25. Rec1 Qf6 26. a4 Qe7 27. b5
Nd7 28. a5 Nc5 29. axb6 axb6 30. Rd1 Re2 31. Nf1 Qg5 32. Qf4 Qe5 33. Qd4 Qh5
34. Qxd6 R8e6 35. Qd8+ Kh7 36. Qh4 Qg6 37. Qd4 Ra2 38. Re3 Qh5 39. Rxe6 Nxe6
40. Qd3+ Kg8 41. Qd6 Rxg2+ 42. Kh1 Qxf3 0-1

[Event "GBR-ch86"]
[Site "Scarborough"]
[Date "1999.08.03"]
[Round "2.14"]
[White "Arkell, Keith C"]
[Black "Rudd, Jack"]
[Result "1-0"]
[WhiteElo "2462"]
[BlackElo "2185"]
[PlyCount "155"]
[EventDate "1999.08.02"]
[EventType "swiss"]
[EventRounds "11"]
[EventCountry "GBR"]

1. d4 Nf6 2. Nf3 c5 3. d5 e6 4. c4 exd5 5. cxd5 d6 6. Nc3 g6 7. g3 Bg7 8. Bg2
O-O 9. O-O a6 10. a4 Nbd7 11. Bf4 Qe7 12. Qd2 Re8 13. Rfe1 Rb8 14. Rab1 Ng4 15.
b4 c4 16. h3 Nge5 17. Nd4 Nf6 18. b5 axb5 19. Rxb5 Bd7 20. Rbb1 Qd8 21. Bg5 Qa5
22. Ncb5 Qxa4 23. Nxd6 Qa3 24. Nxe8 Rxe8 25. Rxb7 c3 26. Qc1 Qc5 27. Nc6 Nxc6
28. dxc6 Bxc6 29. Be3 Rxe3 30. Qxe3 Qxe3 31. fxe3 Bxb7 32. Bxb7 Kf8 33. Rc1 Nd7
34. Be4 Ke7 35. Bc2 Be5 36. Kf2 Kd6 37. Bb3 f5 38. Bc2 Nf6 39. Kf3 h5 40. e4
fxe4+ 41. Bxe4 g5 42. g4 h4 43. Ra1 Nd7 44. Ra6+ Ke7 45. Rc6 Bd4 46. Rc7 Kd6
47. Rc8 Ne5+ 48. Kg2 Kd7 49. Bf5+ Ke7 50. Kf1 Nf7 51. Rc4 Be5 52. Bd3 Nd8 53.
e3 Kd6 54. Ke2 Nb7 55. Rb4 Nc5 56. Rb6+ Ke7 57. Bf5 Bf6 58. Rc6 Nb3 59. Re6+
Kf7 60. Rb6 Nc5 61. Rc6 Na4 62. Rc7+ Kf8 63. Kd3 Nb2+ 64. Kc2 Be5 65. Rc6 Kf7
66. Be6+ Kg7 67. Bb3 Kh7 68. Rxc3 Nd1 69. Rd3 Nf2 70. Rd5 Bg3 71. Rxg5 Nxh3 72.
Rh5+ Kg6 73. Be6 Nf2 74. Bf5+ Kf6 75. e4 Ke5 76. g5 h3 77. g6 Kf6 78. Rh7 1-0

[Event "GBR-ch86"]
[Site "Scarborough"]
[Date "1999.08.03"]
[Round "2.15"]
[White "Mason, Donald"]
[Black "Rahman, Ziaur"]
[Result "0-1"]
[WhiteElo "2284"]
[BlackElo "2461"]
[PlyCount "52"]
[EventDate "1999.08.02"]
[EventType "swiss"]
[EventRounds "11"]
[EventCountry "GBR"]

1. c4 e6 2. g3 d5 3. Bg2 dxc4 4. Nf3 c6 5. Qc2 b5 6. b3 cxb3 7. Qxb3 Nf6 8. Ne5
Bb7 9. a4 b4 10. a5 Qc7 11. a6 Bc8 12. d4 Nd5 13. e4 Nb6 14. Bf4 Bd6 15. O-O
Bxa6 16. Rc1 Bb7 17. Ra5 O-O 18. Bh3 N6d7 19. Nxf7 Bxf4 20. Bxe6 Qxa5 21. Bxd7
Rxf7 22. Rc5 Qxc5 23. dxc5 Nxd7 24. gxf4 Nxc5 25. Qc4 Nxe4 26. Qxe4 c5 0-1

[Event "GBR-ch86"]
[Site "Scarborough"]
[Date "1999.08.03"]
[Round "2.16"]
[White "Ledger, Andrew"]
[Black "Shaw, Robert"]
[Result "0-1"]
[WhiteElo "2431"]
[BlackElo "2184"]
[PlyCount "62"]
[EventDate "1999.08.02"]
[EventType "swiss"]
[EventRounds "11"]
[EventCountry "GBR"]

1. e4 e6 2. d4 d5 3. Nd2 Nf6 4. e5 Nfd7 5. Bd3 c5 6. c3 Nc6 7. Ne2 cxd4 8. cxd4
f6 9. exf6 Nxf6 10. O-O Bd6 11. Nf3 Qc7 12. Bg5 O-O 13. Rc1 Bd7 14. Ng3 Bf4 15.
Bxf4 Qxf4 16. Re1 Ng4 17. Bb5 Rac8 18. Bxc6 Bxc6 19. h3 Nh6 20. Qe2 Bd7 21.
Rxc8 Bxc8 22. Qe5 Qxe5 23. Nxe5 Nf7 24. Nd3 Nd6 25. Rc1 Rf7 26. Ne5 Re7 27. Nh5
Kf8 28. Nf4 Ke8 29. g4 Kd8 30. Re1 Nb5 31. Nf3 Rf7 0-1

[Event "GBR-ch86"]
[Site "Scarborough"]
[Date "1999.08.03"]
[Round "2.17"]
[White "Houska, Jovanka"]
[Black "Saravanan, Venkat"]
[Result "0-1"]
[WhiteElo "2251"]
[BlackElo "2429"]
[PlyCount "150"]
[EventDate "1999.08.02"]
[EventType "swiss"]
[EventRounds "11"]
[EventCountry "GBR"]

1. e4 c5 2. Nc3 Nc6 3. g3 g6 4. Bg2 Bg7 5. d3 d6 6. Be3 Nd4 7. Qd2 Qa5 8. f4 e6
9. Nf3 Ne7 10. O-O Nec6 11. a3 O-O 12. Ne1 Rb8 13. Nd1 Qa6 14. Rb1 b5 15. c3
Nb3 16. Qc2 Nca5 17. Nf3 b4 18. axb4 cxb4 19. e5 dxe5 20. Nxe5 bxc3 21. Nxc3 f6
22. Nf3 Bb7 23. Rfd1 Rfd8 24. Qf2 Ra8 25. h3 Nc6 26. Kh2 Nb4 27. d4 Bc6 28. Bf1
Qb7 29. Nd2 Nc2 30. Nxb3 Qxb3 31. Bc4 Qxc4 32. Qxc2 Rac8 33. Rbc1 Bf3 34. Rf1
Ba8 35. Qe2 Qb4 36. Qb5 Rb8 37. Qxb4 Rxb4 38. Rf2 f5 39. Ra1 Rd7 40. Ra4 Rxa4
41. Nxa4 Bd5 42. Nc5 Rd6 43. Rc2 Rc6 44. Kg1 h6 45. Kf2 g5 46. Ke1 gxf4 47.
gxf4 Bf6 48. Bf2 Kf7 49. Kd2 Ke8 50. Rc1 Rb6 51. Rc2 Rb4 52. Nd3 Rb3 53. Rc3
Rb7 54. Rc8+ Kf7 55. Kc3 Kg6 56. Nc5 Rg7 57. Re8 Kf7 58. Rc8 Rg2 59. Rc7+ Kg6
60. Be3 Rh2 61. Rxa7 Rxh3 62. Kd3 Bh4 63. Kd2 Rh2+ 64. Kc3 Be1+ 65. Kd3 Rxb2
66. Ra6 Kf6 67. Nd7+ Ke7 68. Nc5 Ra2 69. Rb6 h5 70. Rb1 Bg3 71. Bd2 h4 72. Bb4
Kf7 73. Ke3 h3 74. Nd3 h2 75. Ne5+ Kg7 0-1

[Event "GBR-ch86"]
[Site "Scarborough"]
[Date "1999.08.03"]
[Round "2.18"]
[White "Cooper, Andrew G"]
[Black "Williams, Simon Kim"]
[Result "0-1"]
[WhiteElo "2151"]
[BlackElo "2421"]
[PlyCount "44"]
[EventDate "1999.08.02"]
[EventType "swiss"]
[EventRounds "11"]
[EventCountry "GBR"]

1. d4 e6 2. c4 f5 3. Nc3 Nf6 4. g3 Be7 5. Bg2 O-O 6. Nf3 d6 7. O-O a5 8. b3 Ne4
9. Bb2 Bf6 10. Qc2 Nxc3 11. Bxc3 Nc6 12. Rad1 Qe8 13. e4 e5 14. dxe5 dxe5 15.
exf5 Qh5 16. Qe4 Bxf5 17. Qd5+ Kh8 18. Bxe5 Rfd8 19. Qb5 Rxd1 20. Rxd1 Nxe5 21.
Qxb7 Re8 22. Qd5 c6 0-1

[Event "GBR-ch86"]
[Site "Scarborough"]
[Date "1999.08.03"]
[Round "2.19"]
[White "Gallagher, Joseph G"]
[Black "Lane, Gary William"]
[Result "1/2-1/2"]
[WhiteElo "2521"]
[BlackElo "2409"]
[PlyCount "47"]
[EventDate "1999.08.02"]
[EventType "swiss"]
[EventRounds "11"]
[EventCountry "GBR"]

1. e4 e5 2. Nf3 Nc6 3. Nc3 Nf6 4. Bb5 Bb4 5. O-O O-O 6. d3 d6 7. Bg5 Bxc3 8.
bxc3 Qe7 9. Re1 Nd8 10. d4 Ne6 11. Bc1 c5 12. Bf1 Rd8 13. d5 Nf8 14. g3 Ng6 15.
Nd2 Rf8 16. a4 Ne8 17. Nc4 f5 18. exf5 Bxf5 19. f4 Qf6 20. fxe5 Nxe5 21. Nxe5
dxe5 22. Be3 b6 23. a5 Nd6 24. Qe2 1/2-1/2

[Event "GBR-ch86"]
[Site "Scarborough"]
[Date "1999.08.03"]
[Round "2.20"]
[White "Summerscale, Aaron"]
[Black "D'Costa, Lorin"]
[Result "1-0"]
[WhiteElo "2423"]
[BlackElo "2215"]
[PlyCount "89"]
[EventDate "1999.08.02"]
[EventType "swiss"]
[EventRounds "11"]
[EventCountry "GBR"]

1. d4 Nf6 2. c4 c5 3. d5 b5 4. f3 b4 5. e4 d6 6. Be3 Nbd7 7. Ne2 a5 8. Ng3 g6
9. Be2 Bg7 10. Qc1 h5 11. O-O Qc7 12. Nd2 Bb7 13. h3 Ra6 14. f4 Bh6 15. Nf3 Bg7
16. Bd3 Nh7 17. Qc2 O-O 18. Rae1 a4 19. Bc1 Rb6 20. Qe2 b3 21. a3 Qc8 22. Bb1
Qb8 23. Qd3 Qc8 24. Re2 Re8 25. e5 dxe5 26. fxe5 e6 27. d6 Rf8 28. Bf4 Bxf3 29.
Rxf3 h4 30. Nh5 Bh8 31. g3 Qd8 32. Bh6 Nxe5 33. Rxe5 Bxe5 34. Rxf7 Rxf7 35.
Qxg6+ Kh8 36. Qxf7 Qg8 37. Qe7 Rxd6 38. Bg7+ Bxg7 39. Qxd6 Bd4+ 40. Kh2 hxg3+
41. Nxg3 Bxb2 42. Qxc5 Qd8 43. Qh5 Qd2+ 44. Ne2 Bxa3 45. Qxh7# 1-0

[Event "GBR-ch86"]
[Site "Scarborough"]
[Date "1999.08.03"]
[Round "2.21"]
[White "Gokhale, Anupama"]
[Black "Davies, Nigel"]
[Result "1-0"]
[WhiteElo "2181"]
[BlackElo "2518"]
[PlyCount "89"]
[EventDate "1999.08.02"]
[EventType "swiss"]
[EventRounds "11"]
[EventCountry "GBR"]

1. d4 d6 2. c4 g6 3. Nc3 Bg7 4. e4 a6 5. d5 c6 6. Bd3 Nf6 7. Nge2 Nbd7 8. O-O
Ne5 9. Kh1 O-O 10. f3 Nfd7 11. f4 Nxd3 12. Qxd3 Nc5 13. Qf3 e6 14. Be3 exd5 15.
cxd5 cxd5 16. Nxd5 Be6 17. Rad1 Nd7 18. b4 Rc8 19. a3 Rc4 20. Bf2 Bxd5 21. Rxd5
Qe7 22. Bd4 Re8 23. Bxg7 Kxg7 24. Ng3 Nf6 25. Rg5 Qe6 26. e5 dxe5 27. fxe5 Nd5
28. h3 Kg8 29. Ne4 f5 30. Nd6 Rf4 31. Qd3 Rxf1+ 32. Qxf1 Re7 33. Qc4 Rc7 34.
Qd4 Rc1+ 35. Kh2 Re1 36. Nc4 Nf4 37. Qd8+ Kg7 38. Rg3 Re4 39. Qc7+ Kf8 40. Qd8+
Kg7 41. Qc7+ Kh6 42. Nd6 Rd4 43. Qd8 Qxe5 44. Nf7+ Kg7 45. Qh8+ 1-0

[Event "GBR-ch86"]
[Site "Scarborough"]
[Date "1999.08.03"]
[Round "2.22"]
[White "Sugden, John"]
[Black "Pert, Nicholas"]
[Result "0-1"]
[WhiteElo "2241"]
[BlackElo "2425"]
[PlyCount "90"]
[EventDate "1999.08.02"]
[EventType "swiss"]
[EventRounds "11"]
[EventCountry "GBR"]

1. e4 e6 2. d4 d5 3. e5 c5 4. c3 Bd7 5. Nf3 Nc6 6. Be2 f6 7. O-O cxd4 8. cxd4
fxe5 9. Nxe5 Nxe5 10. dxe5 Bc5 11. Bd3 Qh4 12. Nd2 Ne7 13. Nf3 Qh5 14. Qe2 O-O
15. Be3 Bxe3 16. Qxe3 Nc6 17. Rfe1 Nb4 18. Nd4 Qh4 19. g3 Qe7 20. Bf1 Rac8 21.
Rec1 a6 22. a3 Nc6 23. Nxc6 Bxc6 24. Qd4 Qg5 25. f4 Qg4 26. Rc3 g5 27. h3 Qf5
28. fxg5 Qxg5 29. Be2 Rf5 30. h4 Qg7 31. Re3 Bb5 32. Bxb5 axb5 33. Rf1 Rc4 34.
Qb6 Rxf1+ 35. Kxf1 Qf7+ 36. Ke2 Rc2+ 37. Kd1 Rxb2 38. Qd8+ Kg7 39. Qg5+ Kf8 40.
Qf4 Qxf4 41. gxf4 b4 42. axb4 Rxb4 43. Rf3 h5 44. f5 Kf7 45. f6 Re4 0-1

[Event "GBR-ch86"]
[Site "Scarborough"]
[Date "1999.08.03"]
[Round "2.23"]
[White "Palliser, Richard"]
[Black "Jackson, Oliver"]
[Result "1-0"]
[WhiteElo "2253"]
[BlackElo "2242"]
[PlyCount "77"]
[EventDate "1999.08.02"]
[EventType "swiss"]
[EventRounds "11"]
[EventCountry "GBR"]

1. d4 d5 2. c4 e5 3. dxe5 d4 4. Nf3 Nc6 5. Nbd2 Be6 6. g3 Qd7 7. Bg2 O-O-O 8.
O-O h5 9. Qa4 Kb8 10. b4 h4 11. b5 Nce7 12. Ng5 hxg3 13. fxg3 d3 14. e3 Nf5 15.
Nde4 f6 16. Nf3 d2 17. Bxd2 Qd3 18. Nf2 Qxc4 19. Qxc4 Bxc4 20. Rfc1 Bxb5 21.
Rab1 Ba6 22. exf6 Nxf6 23. Ba5 b6 24. Ne5 Re8 25. Nc6+ Kc8 26. Nxa7+ Kb8 27.
Nc6+ Kc8 28. Bxb6 Bd6 29. Bc5 Bxc5 30. Rxc5 Nxe3 31. Bf3 Nc4 32. Rc1 Nd2 33.
Bg2 Nde4 34. Nxe4 Nxe4 35. Na7+ Kb8 36. Rb1+ Kxa7 37. Rxc7+ Ka8 38. Rb4 Bd3 39.
Rc3 1-0